000 00859nam a2200241 i 4500
001 76023
003 ES-MaACL
005 20250808002228.0
007 t|
008 040928s1958 sp |||| | spa d
080 _a940"15/18"
100 1 _aGuardini, Romano.
_960319
245 1 3 _aEl ocaso de la Edad Moderna
_b: un intento de orientación /
_cRomano Guardini ; [lo tradujo del alemán, José Gabriel Mariscal ; epílogo de Alfonso López Quintás].
260 _aMadrid :
_bGuadarrama,
_c[1958] (
_fCastilla)
300 _a188 p. ;
_c19 cm.
490 1 _aCristianismo y hombre actual ;
_v1
650 1 4 _aIglesia y mundo.
_9136257
700 1 _aMariscal, José Gabriel.
_976888
700 1 _aLópez Quintás, Alfonso.
_973905
830 0 0 _aCristianismo y hombre actual
_v1
_9181461
852 _aES-MaACL
_jC-15787
999 _c76023
_d76023